000 00901cam a22002894a 4500
003 UPN
005 20240924070702.0
008 090209s2004 es r 000 0 spa d
020 _a8483076063 (Península)
020 _a9706518659 (Océano)
035 _aUPN01000169029
040 _aUPN
_bspa
_cUPN
049 _aCG
050 4 _aD20
_bM32
100 1 _aMai, Manfred,
_d1949-
_946200
245 1 0 _aBreve historia del mundo para jóvenes lectores /
_cManfred Mai ; traducción de José Luis Gil Aristu.
250 _aPrimera edición
260 _aBarcelona, España :
_bPenínsula ;
_aMéxico :
_bOcéano,
_c2004.
300 _a190 páginas
490 0 _aAtalaya ;
_v147
534 _pTítulo original:
_tWeltgeschichte
650 4 _aHistoria universal
_95508
700 1 _aGil Aristu, José Luis
_943773
905 _aLibro
942 _2lcc
_cLIBRO
999 _c141135
_d141135